Quito y la independencia de América / (Record no. 85039)

MARC details
000 -LEADER
campo de control de longitud fija 00427nam a2200145 i 4500
001 - NÚMERO DE CONTROL
campo de control 85039
003 - IDENTIFICADOR DE NÚMERO DE CONTROL
campo de control ES-MaACL
005 - FECHA Y HORA DE LA ÚLTIMA TRANSACCIÓN
campo de control 20230906175153.0
007 - CAMPO FIJO DE DESCRIPCIÓN FÍSICA--INFORMACIÓN GENERAL
campo de control de longitud fija t|
008 - DATOS DE LONGITUD FIJA--INFORMACIÓN GENERAL
campo de control de longitud fija 041125s1922 ec ||||1| spa d
100 1# - ENTRADA PRINCIPAL--NOMBRE DE PERSONA
Nombre de persona Jijón y Caamaño, J.
9 (RLIN) 66390
245 10 - MENCIÓN DEL TÍTULO
Título Quito y la independencia de América /
Mención de responsabilidad, etc. J. Jijón y Caamaño.
260 ## - PUBLICACIÓN, DISTRIBUCIÓN, ETC.
Lugar de publicación, distribución, etc. Quito :
Nombre del editor, distribuidor, etc. [s.n.,
Fecha de publicación, distribución, etc. 1922] (
Fabricante Imp. de la Universidad Central)
852 ## - LOCALIZACIÓN
Ubicación ES-MaACL
Número de control de estantería 1634-F-15
Holdings
Estatus retirado Estado de pérdida Estado de daño No para préstamo Colección Biblioteca de origen Biblioteca actual Ubicación en estantería Fecha de adquisición Fuente de adquisición Total de préstamos Signatura topográfica completa Código de barras Visto por última vez Precio de reemplazo Tipo de ítem Koha
        Colección de folletos Biblioteca del Ateneo de Madrid Biblioteca del Ateneo de Madrid Depósito folletos 17/01/2008     1634-F-15 1088866 23/02/2023 23/02/2023 Folleto